=LDR 00000nam 2200000 4500 =001 INLIS000000000038716 =005 20130612144359 =008 ***********************************Ind** =035 ##$$0010-061300000038716 =041 ##$$a Ind =082 ##$$a 650.1 =090 ##$$a 650.1, Kha b =100 ##$$a Khansa, Dairunnisa =245 ##$$a Bisnis tanpa rugi ala Rasulullah, Dairunnisa Khanza =260 ##$$a 2011 $b Makasar =300 ##$$a 196 hlm, 21 cm =650 ##$$a Bisnis =850 ##$$a NBPNMAT =990 ##$$a 2090100676/BPAP-NTB/2015